000 00346nam a2200145Ia 4500
008 230718s9999 xx 000 0 und d
041 _aEng.
082 _a346.086
_bMAL-M
100 _amalik saleem iqbal
245 0 _amunal of insurance law
260 _aPakistan
_bimran law book house
_c2020
300 _a626
650 _aLaw
999 _c33032
_d33032